00393nam a2200157Ia 4500003000400000008004100004040001600045082001300061100002000074245004000094260003000134300001000164490002400174650001500198650002200213GCL140319s9999 xx 000 0 eng d aGCL / cGCL04a843bC P1 aCHARAIBI, DRISS10aLE PASSE SIMPLE / cCHARAIBI, DRISS a[S.N] : bFOLIO ، c1995 a272 P aCOLLECTION FOLIOv004aLITERATURE04aFRENCH LITERATURE